[Event "Chess Ladies Vienna"]
[Site "Haus des Schachsports, 1020 W"]
[Date "2013.05.25"]
[Round "8.4"]
[White "Savina, Anastasia"]
[Black "Kostiuk, Tatiana"]
[Result "1/2-1/2"]
[WhiteElo "2363"]
[BlackElo "2321"]
[PlyCount "29"]
[EventDate "2013.05.18"]
[EventRounds "9"]
[EventCountry "AUT"]

1. d4 Nf6 2. c4 c5 3. d5 b5 4. cxb5 a6 5. b6 g6 6. Nc3 Qxb6 7. Nf3 Bg7 8. e4 d6
9. Be2 O-O 10. O-O Bg4 11. Nd2 Bxe2 12. Qxe2 Nbd7 13. Nc4 Qc7 14. a4 Nb6 15.
Ne3 1/2-1/2

[Event "Chess Ladies Vienna"]
[Site "Haus des Schachsports, 1020 W"]
[Date "2013.05.26"]
[Round "9.1"]
[White "Newrkla, Katharina"]
[Black "Umudova, Nargiz"]
[Result "0-1"]
[WhiteElo "2133"]
[BlackElo "2233"]
[PlyCount "86"]
[EventDate "2013.05.18"]
[EventRounds "9"]
[EventCountry "AUT"]

1. e4 d5 2. exd5 Qxd5 3. Nc3 Qa5 4. d4 Nf6 5. Bc4 Bg4 6. f3 Bf5 7. Nge2 e6 8.
Bd2 Qb6 9. Bb3 Nc6 10. Be3 O-O-O 11. Qd2 Bb4 12. a3 Bxc3 13. Qxc3 Na5 14. Ba2
Nd5 15. Bxd5 exd5 16. Ng3 Bg6 17. O-O Rhe8 18. Rae1 h5 19. Bg5 f6 20. Bh4 Nc4
21. b4 Qa6 22. a4 Qxa4 23. Ra1 Qxc2 24. Qxc2 Bxc2 25. Rxa7 Bg6 26. f4 Re3 27.
f5 Bf7 28. Rfa1 Nb6 29. Nf1 Re2 30. Bg3 g6 31. Rc1 Nc4 32. Bf2 Rde8 33. Ng3 Rb2
34. Ra8+ Kd7 35. Rxe8 Bxe8 36. Be1 g5 37. Bc3 Ra2 38. Re1 Rc2 39. Ne2 h4 40.
Kf2 Bh5 41. Ba1 Nd2 42. Ke3 Nc4+ 43. Kf2 Kc6 0-1

[Event "Chess Ladies Vienna"]
[Site "Haus des Schachsports, 1020 W"]
[Date "2013.05.26"]
[Round "9.5"]
[White "Haast, Anne"]
[Black "Schnegg, Anna-Lena"]
[Result "1-0"]
[WhiteElo "2260"]
[BlackElo "2115"]
[PlyCount "77"]
[EventDate "2013.05.18"]
[EventRounds "9"]
[EventCountry "AUT"]

1. e4 e5 2. Nf3 Nc6 3. d4 exd4 4. Nxd4 Nf6 5. Nxc6 bxc6 6. e5 Qe7 7. Qe2 Nd5 8.
c4 Ba6 9. Nd2 g6 10. Nf3 Bg7 11. Bg5 Qb4+ 12. Qd2 Qxd2+ 13. Kxd2 Nb6 14. b3 O-O
15. Re1 Rfe8 16. Bd3 d5 17. c5 Bxd3 18. cxb6 Ba6 19. bxc7 Rac8 20. Bd8 Bf8 21.
Kc3 Be7 22. e6 f6 23. Bxe7 Rxe7 24. Kd4 c5+ 25. Kxc5 Rexc7+ 26. Kb4 Rb8+ 27.
Ka3 Rc2 28. Nd4 Rxf2 29. e7 Kf7 30. Re3 Rf4 31. Nc6 Rc8 32. Rd1 Bb5 33. Nd8+
Ke8 34. Nb7 Rc6 35. Rxd5 Ra6+ 36. Kb2 Rf2+ 37. Kc3 Rc6+ 38. Kb4 Rb6 39. Nd6+
1-0